Music Quiz

Random Music or Artist Quiz
Score 0/100 Timer 15:00
0 Plays Today
% Correct
Steven Tyler
92.6%
Elton John
88.7%
Michael Jackson
88.7%
Elvis Presley
87.3%
Mariah Carey
87.1%
Dolly Parton
86.5%
Paul McCartney
85.6%
Stevie Wonder
85.4%
Bono
85.4%
John Lennon
85.4%
David Bowie
85.1%
Mick Jagger
84.7%
Bob Marley
84.5%
Prince
84.3%
Freddie Mercury
83.8%
Kurt Cobain
83.5%
Willie Nelson
83.1%
Rod Stewart
82.5%
Bruce Springsteen
78.1%
Bob Dylan
77.3%
B.B. King
76.7%
Ray Charles
76.3%
Buddy Holly
76.2%
Jim Morrison
75.6%
Johnny Cash
74.9%
Whitney Houston
74.1%
Axl Rose
73.3%
Janis Joplin
72.2%
Annie Lennox
71.9%
Art Garfunkel
71.8%
Mary J. Blige
70.4%
Stevie Nicks
69.1%
Aretha Franklin
67.3%
Tina Turner
67.2%
% Correct
Björk
66.5%
Iggy Pop
64.2%
Roy Orbison
63.5%
Chuck Berry
61.8%
Marvin Gaye
61.3%
Christina Aguilera
60.1%
James Brown
59.7%
James Taylor
58.2%
Little Richard
58.1%
Karen Carpenter
57.4%
The Everly Brothers
55.1%
Joni Mitchell
51.1%
Roger Daltrey
49.3%
Bonnie Raitt
49.2%
Neil Young
47.9%
Smokey Robinson
47.7%
Robert Plant
47.5%
Steve Perry
46.9%
Lou Reed
45.7%
Hank Williams
44.1%
Morrissey
43.9%
Patti Smith
40.8%
Jerry Lee Lewis
40.2%
Patti LaBelle
40.1%
Thom Yorke
39.5%
Etta James
38.6%
Joe Cocker
38.4%
Patsy Cline
36.4%
Luther Vandross
35.4%
Don Henley
34.7%
Dusty Springfield
31.3%
John Fogerty
30.9%
Sly Stone
30.5%
Tom Waits
29.5%
% Correct
Al Green
28.8%
Van Morrison
28.6%
Jeff Buckley
28.2%
Otis Redding
28.2%
Brian Wilson
26.2%
Sam Cooke
25.3%
George Jones
24.8%
Gladys Knight
24.3%
Nina Simone
21.9%
Muddy Waters
21.8%
Gregg Allman
21.7%
Merle Haggard
19%
Frankie Valli
16%
Steve Winwood
15.6%
Curtis Mayfield
11.2%
Levon Helm
11.1%
Jackie Wilson
10.4%
John Lee Hooker
9.5%
Darlene Love
8.6%
Ronnie Spector
8.2%
David Ruffin
7%
Howlin' Wolf
6.6%
Paul Rodgers
6.3%
Wilson Pickett
5.5%
Eric Burdon
5.4%
Dion
4.8%
Solomon Burke
4.6%
Mavis Staples
3.8%
Sam Moore
3.7%
Bobby 'Blue' Bland
2.5%
Donny Hathaway
2.1%
Toots Hibbert
2%
Remove Ads.
Support Sporcle.
Get the best of Sporcle when you Go Orange. This ad-free experience offers more features, more stats, and more fun while also helping to support Sporcle. Thank you for becoming a member.

You're not logged in!

Compare scores with friends on all Sporcle quizzes.
OR
Log In

Show Comments

Extras

Top Quizzes Today


Score Distribution

Your Account Isn't Verified!

In order to create a playlist on Sporcle, you need to verify the email address you used during registration. Go to your Sporcle Settings to finish the process.

Report this User

Report this user for behavior that violates our Community Guidelines.

Details: